Guess the Anime by Picture - Statistics

General Stats
  • This quiz has been taken 181 times
  • The average score is 21 of 100
Answer Stats
Picture Answer % Correct
One Piece
76%
Blue Lock
74%
Solo Leveling
60%
Black Clover
56%
Tokyo Revengers
55%
Vinland Saga
55%
Demon Slayer
53%
Attack On Titan
52%
No Game No Life
48%
Kaguya-Sama, Love Is War
47%
Dragon Ball Z
46%
Classroom Of The Elite
44%
Seven Deadly Sins
43%
Dr. Stone
41%
Fire Force
41%
Fairy Tail
38%
Assassination Classroom
37%
Noragami
35%
Soul Eater
35%
Tokyo Ghoul
35%
Bleach
33%
Made In Abyss
32%
Dan Da Dan
31%
Sword Art Online
30%
Bungo Stray Dogs
29%
One Punch Man
29%
Berserk
27%
Fullmetal Alchemist
27%
Re:Zero
27%
My Hero Academia
26%
The Promised Neverland
26%
Highschool of the Dead
25%
Gintama
23%
Hell's Paradise
23%
Blue Exorcist
22%
Doraemon
22%
Oshi No Ko
22%
Sakamoto Days
22%
Beastars
21%
Captain Tsubasa
21%
Jujutsu Kaisen
21%
KonoSuba
21%
Cowboy Bebop
20%
Death Note
20%
Hunter X Hunter
20%
Kaiju No. 8
20%
K-On!
20%
Naruto
20%
Food Wars
19%
Mashle
18%
Cyberpunk
17%
Haikyuu!
17%
The Quintessential Quintuplets
17%
Zom 100
17%
Code Geass
16%
Neon Genesis Evangelion
16%
Mushoku Tensei
15%
Rent-A-Girlfriend
15%
JoJo's Bizarre Adventure
14%
Spy X Family
14%
Kill La Kill
13%
Steins;Gate
13%
Akame Ga Kill
12%
Plastic Memories
12%
DanMachi
11%
Golden Time
11%
Sailor Moon
11%
Anohana
10%
Horimiya
10%
Black Butler
9%
The Rising Of The Shield Hero
9%
Your Lie In April
9%
Saiki K.
8%
Boruto
7%
Bunny Girl Senpai
7%
Darling in the Franxx
7%
Nisekoi
7%
ReLIFE
7%
Angel Beats
6%
Chainsaw Man
5%
Lycoris Recoil
5%
Overlord
5%
Takt Op. Destiny
5%
Violet Evergarden
5%
Detective Conan
4%
Frieren: Beyond Journey's End
4%
Fruits Basket
4%
Kakegurui
4%
Shangri-La Frontier
4%
Fate/Stay
3%
Miss Kobayashi's Dragon Maid
3%
Toradora!
3%
Charlotte
2%
Future Diary
2%
Highschool DxD
2%
Inuyasha
2%
Oregairu
2%
Saint Seiya
2%
Tensura
2%
Mob Psycho 100
1%
No matching quizzes found
Score Distribution
Percent of People with Each Score
Percentile by Number Answered
Your Score History
You have not taken this quiz